000 00618nam a2200205 a 4500
003 OSt
005 20240226095658.0
008 180222t2010 pk | |||| 000 0 urd d
020 _a9789693501926
040 _c0
082 _a954.9143
_bAHA 2010
100 1 _aاےحميد
_9121284
245 1 0 _aلاہورکی ياديں
_cA Hameed
246 _aLahore Ki Yadain
260 _aLahore:
_bSang e Meel Pub;
_c2010.
300 _a393 p.
650 _aPakistan
_xHistory
_yCulture
_9121285
942 _2ddc
_cBK
_aSADA
_k954.9143 AHA 2010
999 _c608130
_d608130